Microfinance in south-east asia/ (Record no. 156704)

MARC details
000 -LEADER
fixed length control field 00701nam a22002057a 4500
005 - DATE AND TIME OF LATEST TRANSACTION
control field 20180831150816.0
010 ## - LCCN (DPL NO)
LC control number ENG-123917
020 ## - INTERNATIONAL STANDARD BOOK NUMBER
Terms of availability 995.00
International Standard Book Number 9788181523297
035 ## - SYSTEM CONTROL NUMBER
System control number EN-107449
037 ## - SOURCE OF ACQUISITION
Source of stock number/acquisition DBAD/PUB
082 ## - DEWEY DECIMAL CLASSIFICATION NUMBER
Classification number 332.0959
100 ## - MAIN ENTRY--PERSONAL NAME
Personal name Shastri, Falguni C.
245 ## - TITLE STATEMENT
Title Microfinance in south-east asia/
Statement of responsibility, etc by Falguni C. Shastri [and] Sarita M. Budhdhadev
260 ## - PUBLICATION, DISTRIBUTION, ETC. (IMPRINT)
Date of publication, distribution, etc 2013
Place of publication, distribution, etc Jaipur
Name of publisher, distributor, etc Book Enclave
270 ## - ADDRESS
Address F-11, S.S. Tower, Dhamani Street, Chaura Rasta,
City Jaipur
Postal code 302003
300 ## - PHYSICAL DESCRIPTION
Dimensions 21cm.(Hb.)
Extent v,295p.
Other physical details ill.(tables)
500 ## - GENERAL NOTE
General note It includes bibliography index and abbreviations
700 ## - ADDED ENTRY--PERSONAL NAME
Personal name Budhdhadev, Sarita M.
942 ## - ADDED ENTRY ELEMENTS (KOHA)
Item type English Books
Source of classification or shelving scheme Dewey Decimal Classification
Call number suffix SHA
Classification part 332.0959
Holdings
Withdrawn status Lost status Not for loan Collection code Home library Current library Date acquired Source of acquisition Cost, normal purchase price Full call number Barcode Copy number Cost, replacement price Koha item type
    Not For Loan Non-fiction D.B.Act.Division Sarojini Nagar 30/08/2018 DBAD/PUB 995.00 332.0959 SHA EN-107449 1 995.00 English Books

© Delhi Public Library
Hit Counter
free hit counter